[Event "Bruges Masters 2019"]
[Site "Bruges"]
[Date "2019.08.12"]
[Round "3.3"]
[White "Legky, Nikolay A"]
[Black "De Waele, Warre"]
[Result "1-0"]
[WhiteElo "2397"]
[BlackElo "2225"]
[Annotator "TA"]
[PlyCount "59"]
[EventDate "2019.08.11"]
[EventType "swiss"]
[EventCountry "BEL"]
[SourceTitle "playchess.com"]
[Source "ChessBase"]
[SourceQuality "1"]

{[%evp 9,63,6,10,11,11,7,0,12,0,0,14,0,0,-16,0,0,39,33,164,147,228,218,274,268,406,183,314,93,82,68,95,103,215,231,221,220,247,250,251,242,257,251,248,231,372,362,697,681,886,878,5289,1123,29990,29991,29991,29992]} 1. d4 Nf6 ({Predecessor:} 1... d5 2. Bf4 {0-1 (54) Noiroux,K (2124)-Sterck,A (2268) Belgium 2017}) 2. Bf4 d5 3. e3 c5 4. dxc5 $146 (4. c3 Nc6 5. Nd2 Qb6 6. Qb3 Nh5 7. Qxb6 axb6 8. Bc7 cxd4 9. exd4 e5 10. Bxe5 Nxe5 11. dxe5 Bc5 12. g3 O-O {1-0 (76) Aronian,L (2765)-Caruana,F (2832) London 2018}) 4... Nc6 5. Bb5 e6 6. b4 {D00: 1 d4 d5: Unusual lines} a5 7. c3 Bd7 8. Qb3 {The position is equal.} Ne4 {Threatens to win with ...axb4.} 9. f3 e5 10. fxe4 {Hoping for Bg3.} exf4 11. Ne2 f3 (11... Qh4+ $11 12. g3 fxg3 13. Nxg3 dxe4) 12. gxf3 $14 dxe4 13. Nd2 $36 {[%mdl 2048] White has the initiative.} Qf6 (13... Qh4+ $14 14. Ng3 exf3) 14. O-O $1 $18 Qg5+ (14... Be7 $16) 15. Kh1 Bh3 {[%csl Gh3][%cal Rg5g2]} 16. Rg1 Qxe3 (16... Qh6 {was called for.} 17. Nxe4 Be7) 17. Qd5 (17. Nd4 $142 Bd7 18. Nxe4) 17... Bd7 (17... Rd8 $142 18. Bxc6+ (18. Qxe4+ Qxe4 19. Nxe4 axb4 $16) 18... bxc6 19. Qxc6+ Bd7 20. Qxe4+ Qxe4 21. Nxe4 f5) 18. Qxe4+ $2 (18. fxe4 O-O-O $14) (18. Nd4 $18 Qxd2 19. Qxe4+ Be7 20. Nxc6 bxc6 21. Bxc6) 18... Qxe4 $16 19. Nxe4 axb4 20. cxb4 Nxb4 (20... f5 $16) 21. Bxd7+ $18 Kxd7 22. Rab1 f5 23. Rgd1+ $1 (23. Rxb4 fxe4 24. Rxe4 (24. fxe4 Rxa2 25. Nc3 Rc2 $14) 24... g6 $16) 23... Kc8 {[#]} 24. Nd6+ $1 ({Not} 24. Rxb4 fxe4 25. fxe4 (25. Rxe4 Bxc5 26. a4 Rd8 $11) 25... Rxa2 $14) 24... Bxd6 25. cxd6 Nc6 26. d7+ Kc7 (26... Kb8 $142 27. Nf4 g5) 27. Nf4 Nd8 $2 (27... Kb8 28. Rd6 Nd8) 28. Nd5+ Kb8 29. Rdc1 {Intending Rc8+ and mate.} Ka7 {[#]} 30. Rb3 {Played: Rc1-c7} 1-0

[Event "Bruges Masters 2019"]
[Site "Bruges"]
[Date "2019.08.12"]
[Round "3.4"]
[White "De Jong, Migchiel"]
[Black "Cornelisse, John"]
[Result "0-1"]
[WhiteElo "2345"]
[BlackElo "2180"]
[Annotator "ChessBase"]
[PlyCount "130"]
[EventDate "2019.08.11"]
[EventType "swiss"]
[EventCountry "BEL"]
[SourceTitle "playchess.com"]
[Source "ChessBase"]
[SourceQuality "1"]
[TimeControl "5400+30"]

1. Nf3 {[%emt 0:00:00]} Nf6 {[%emt 0:00:01]} 2. c4 {[%emt 0:00:00]} e6 {[%emt 0:00:26]} 3. g3 {[%emt 0:00:20]} d5 {[%emt 0:00:56]} 4. Bg2 {[%emt 0:00:18]} dxc4 {[%emt 0:02:53]} 5. Qa4+ {[%emt 0:03:59]} Bd7 {[%emt 0:07:02]} 6. Qxc4 {[%emt 0:00:14]} c5 {[%emt 0:02:16]} 7. Ne5 {[%emt 0:02:32]} Qc8 {[%emt 0:02:46]} 8. Nxd7 {[%emt 0:03:11]} Qxd7 {[%emt 0:01:35]} 9. d3 {[%emt 0:01:29]} Nc6 {[%emt 0:03:01]} 10. Nd2 {[%emt 0:00:59]} Rc8 {[%emt 0:04:47]} 11. Nf3 {[%emt 0:00:57]} Be7 {[%emt 0:01:52]} 12. O-O {[%emt 0:00:13]} O-O {[%emt 0:01:41]} 13. Bd2 {[%emt 0:01:14]} Nd5 {[%emt 0:06:50]} 14. Rfc1 {[%emt 0:01:06]} Bf6 {[%emt 0:03:50]} 15. Rab1 {[%emt 0:01:42]} h6 {[%emt 0:03:35]} 16. Qg4 {[%emt 0:01:53]} Ne5 {[%emt 0:03:28]} 17. Nxe5 {[%emt 0:00:27]} Bxe5 {[%emt 0:00:03]} 18. a3 {[%emt 0:05:50]} Nf6 {[%emt 0:02:34]} 19. Qf3 {[%emt 0:00:38]} Nd5 {[%emt 0:06:36]} 20. Rc2 {[%emt 0:02:27]} b6 {[%emt 0:02:21]} 21. Rbc1 {[%emt 0:01:14]} Ne7 {[%emt 0:02:17]} 22. Qb7 {[%emt 0:02:05]} Rc7 {[%emt 0:02:07]} 23. Qe4 {[%emt 0:01:45]} Bd6 {[%emt 0:05:24]} 24. b4 {[%emt 0:08:12]} Nd5 {[%emt 0:02:09]} 25. Qg4 {[%emt 0:02:16]} Nf6 {[%emt 0:01:43]} 26. Qf3 {[%emt 0:00:11]} Rfc8 {[%emt 0:03:59]} 27. d4 {[%emt 0:13:46]} cxd4 {[%emt 0:03:39]} 28. Rxc7 {[%emt 0:00:49]} Rxc7 {[%emt 0:00:05]} 29. Bxh6 {[%emt 0:03:59]} gxh6 {[%emt 0:01:14]} 30. Rxc7 {[%emt 0:00:08]} Qxc7 {[%emt 0:00:04]} 31. Qxf6 {[%emt 0:00:07]} Bf8 {[%emt 0:00:42]} 32. Qxd4 {[%emt 0:01:43]} Qc1+ {[%emt 0:00:40]} 33. Bf1 {[%emt 0:00:08]} Qxa3 {[%emt 0:00:07]} 34. b5 {[%emt 0:00:42]} Qc5 {[%emt 0:01:04]} 35. Qg4+ {[%emt 0:00:48]} Qg5 {[%emt 0:01:51]} 36. Qa4 {[%emt 0:00:12]} Qe7 {[%emt 0:00:03]} 37. e3 {[%emt 0:00:15]} Qa3 {[%emt 0:00:23]} 38. Qg4+ {[%emt 0:00:39]} Bg7 {[%emt 0:00:13]} 39. Qe4 {[%emt 0:00:14]} Qa1 {[%emt 0:01:20]} 40. Kg2 {[%emt 0:00:12]} Qa2 {[%emt 0:00:40]} 41. Bc4 {[%emt 0:00:25]} Qa1 {[%emt 0:00:30]} 42. Qa8+ {[%emt 0:01:02]} Bf8 {[%emt 0:00:22]} 43. Qe4 {[%emt 0:01:57]} Bg7 {[%emt 0:00:10]} 44. Bd3 {[%emt 0:00:35]} Qa2 {[%emt 0:02:34]} 45. Qa8+ {[%emt 0:00:33]} Bf8 {[%emt 0:00:04]} 46. Be4 {[%emt 0:00:13]} Kg7 {[%emt 0:00:58]} 47. Qb8 {[%emt 0:02:01]} Qb2 {[%emt 0:00:55]} 48. Bc6 {[%emt 0:00:45]} Bc5 {[%emt 0:00:23]} 49. Qf4 {[%emt 0:00:40]} Qf6 {[%emt 0:00:22]} 50. Qg4+ {[%emt 0:01:15]} Kf8 {[%emt 0:01:09]} 51. h4 {[%emt 0:00:29]} Qb2 {[%emt 0:00:55]} 52. Qf3 {[%emt 0:02:56]} Kg7 {[%emt 0:00:19]} 53. g4 {[%emt 0:03:01]} Be7 {[%emt 0:01:28]} 54. Qg3 {[%emt 0:01:42]} Qf6 {[%emt 0:01:18]} 55. Kh3 {[%emt 0:00:12]} Bc5 {[%emt 0:02:13]} 56. Be4 {[%emt 0:00:40]} Qd8 {[%emt 0:01:05]} 57. g5 {[%emt 0:00:42]} hxg5 {[%emt 0:00:05]} 58. hxg5 {[%emt 0:00:07]} Bd6 {[%emt 0:00:23]} 59. Qg4 {[%emt 0:02:30]} Qh8+ {[%emt 0:01:01]} 60. Kg2 {[%emt 0:00:08]} Qh2+ {[%emt 0:00:05]} 61. Kf1 {[%emt 0:00:25]} Qe5 {[%emt 0:00:23]} 62. Bd3 {[%emt 0:03:01]} Qd5 {[%emt 0:02:07]} 63. Ke2 {[%emt 0:03:16]} Qa2+ {[%emt 0:00:13]} 64. Kf3 {[%emt 0:01:03]} Qd5+ {[%emt 0:00:05]} 65. Be4 {[%emt 0:00:18]} Qd1+ {[%emt 0:00:04]} 0-1

[Event "Bruges Masters 2019"]
[Site "Bruges"]
[Date "2019.08.12"]
[Round "3.5"]
[White "Goudriaan, Etienne"]
[Black "Du, Chunhui"]
[Result "0-1"]
[WhiteElo "2341"]
[BlackElo "2137"]
[Annotator "ChessBase"]
[PlyCount "90"]
[EventDate "2019.08.11"]
[EventType "swiss"]
[EventCountry "BEL"]
[SourceTitle "playchess.com"]
[Source "ChessBase"]
[SourceQuality "1"]
[TimeControl "5400+30"]

1. c4 {[%emt 0:00:00]} Nf6 {[%emt 0:00:00]} 2. Nc3 {[%emt 0:00:14]} e6 {[%emt 0:01:32]} 3. e4 {[%emt 0:00:05]} c5 {[%emt 0:12:33]} 4. g3 {[%emt 0:06:11]} Nc6 {[%emt 0:02:46]} 5. Bg2 {[%emt 0:00:12]} d5 {[%emt 0:01:31]} 6. cxd5 {[%emt 0:07:17]} exd5 {[%emt 0:00:57]} 7. exd5 {[%emt 0:00:05]} Nb4 {[%emt 0:00:14]} 8. Nge2 {[%emt 0:02:06]} Bf5 {[%emt 0:04:39]} 9. Qa4+ {[%emt 0:16:34]} Bd7 {[%emt 0:00:12]} 10. Qb3 {[%emt 0:00:50]} c4 {[%emt 0:00:20]} 11. Qxc4 {[%emt 0:02:53]} Nc2+ {[%emt 0:04:58]} 12. Kd1 {[%emt 0:00:05]} Nxa1 {[%emt 0:00:04]} 13. Re1 {[%emt 0:01:27]} Qb6 {[%emt 0:05:01]} 14. d4 {[%emt 0:13:52]} Bd6 {[%emt 0:02:18]} 15. Qd3 {[%emt 0:04:12]} O-O {[%emt 0:04:01]} 16. Qb1 {[%emt 0:00:43]} Rfe8 {[%emt 0:00:48]} 17. Qxa1 {[%emt 0:01:08]} Bb4 {[%emt 0:11:17]} 18. Be3 {[%emt 0:01:54]} Ng4 {[%emt 0:01:12]} 19. a3 {[%emt 0:02:17]} Rxe3 {[%emt 0:02:22]} 20. axb4 {[%emt 0:00:56]} Nxf2+ {[%emt 0:00:25]} 21. Kd2 {[%emt 0:00:05]} Rae8 {[%emt 0:00:56]} 22. Rf1 {[%emt 0:01:20]} Nd3 {[%emt 0:07:34]} 23. Be4 {[%emt 0:10:45]} R3xe4 {[%emt 0:01:34]} 24. Nxe4 {[%emt 0:00:35]} Rxe4 {[%emt 0:00:01]} 25. Kxd3 {[%emt 0:00:35]} Qg6 {[%emt 0:15:24]} 26. Kd2 {[%emt 0:01:35]} Bb5 {[%emt 0:00:51]} 27. Rf2 {[%emt 0:01:01]} Rxe2+ {[%emt 0:00:15]} 28. Rxe2 {[%emt 0:00:16]} Qd3+ {[%emt 0:00:03]} 29. Kc1 {[%emt 0:00:06]} Qxe2 {[%emt 0:00:05]} 30. Qxa7 {[%emt 0:00:05]} h6 {[%emt 0:00:45]} 31. Qxb7 {[%emt 0:00:49]} Bd3 {[%emt 0:00:27]} 32. Qc8+ {[%emt 0:00:05]} Kh7 {[%emt 0:00:00]} 33. Qc3 {[%emt 0:00:08]} Bb5 {[%emt 0:06:03]} 34. d6 {[%emt 0:04:33]} Kg6 {[%emt 0:01:25]} 35. b3 {[%emt 0:03:32]} Qxh2 {[%emt 0:01:25]} 36. Qe3 {[%emt 0:01:20]} Qh1+ {[%emt 0:00:32]} 37. Kb2 {[%emt 0:00:20]} Qd5 {[%emt 0:00:18]} 38. Qf4 {[%emt 0:01:51]} f6 {[%emt 0:00:51]} 39. Kc3 {[%emt 0:01:52]} Kf7 {[%emt 0:00:35]} 40. Qg4 {[%emt 0:01:06]} h5 {[%emt 0:02:08]} 41. Qh3 {[%emt 0:01:56]} Qf3+ {[%emt 0:01:14]} 42. Kb2 {[%emt 0:01:35]} Qg4 {[%emt 0:00:57]} 43. Qh1 {[%emt 0:00:04]} Qxd4+ {[%emt 0:00:05]} 44. Ka3 {[%emt 0:00:02]} Kg6 {[%emt 0:00:45]} 45. Qb7 {[%emt 0:01:02]} Qa1# {[%emt 0:00:24]} 0-1

[Event "Bruges Masters 2019"]
[Site "Bruges"]
[Date "2019.08.12"]
[Round "3.6"]
[White "Li, Zhenyu"]
[Black "Offringa, Joost"]
[Result "1-0"]
[WhiteElo "2129"]
[BlackElo "2291"]
[Annotator "NA"]
[PlyCount "49"]
[EventDate "2019.08.11"]
[EventType "swiss"]
[EventCountry "BEL"]
[SourceTitle "playchess.com"]
[Source "ChessBase"]
[SourceQuality "1"]
[TimeControl "5400+30"]

1. d4 {[%emt 0:00:10]} f5 {[%emt 0:00:00]} 2. Bg5 {[%emt 0:01:07]} h6 {[%emt 0:00:00]} 3. Bh4 {[%emt 0:00:08]} g5 {[%emt 0:00:00]} 4. Bg3 {[%emt 0:00:14]} Nf6 {[%emt 0:00:00]} 5. e3 {[%emt 0:01:13]} d6 {[%emt 0:00:03]} 6. h4 {[%emt 0:01:26]} Rg8 {[%emt 0:00:03]} 7. hxg5 {[%emt 0:02:25]} hxg5 {[%emt 0:00:04]} 8. Bd3 {[%emt 0:00:51]} e6 {[%emt 0:00:05]} 9. Nc3 {[%emt 0:04:28]} Qe7 {[%emt 0:00:11]} 10. Qd2 {[%emt 0:10:25]} Nc6 {[%emt 0:00:23]} 11. O-O-O {[%emt 0:04:14]} Bd7 {[%emt 0:00:23]} 12. Nge2 {[%emt 0:01:11]} O-O-O {[%emt 0:00:26]} 13. f3 {[%emt 0:00:10]} Bg7 {[%emt 0:17:33]} 14. e4 {[%emt 0:02:10]} fxe4 {[%emt 0:00:40]} 15. Nxe4 {[%emt 0:05:36]} Nxe4 {[%emt 0:05:20]} 16. Bxe4 {[%emt 0:00:25]} d5 {[%emt 0:02:24]} 17. Bd3 $11 {[%emt 0:00:33]} Nxd4 {[%emt 0:19:41]} 18. Nxd4 {[%emt 0:04:13]} Bxd4 {[%emt 0:00:30]} 19. Bh7 {[%emt 0:00:06]} Bb6 {[%emt 0:07:29]} 20. Bxg8 {[%emt 0:00:34]} Rxg8 {[%emt 0:00:03]} 21. Qc3 {[%emt 0:01:49]} Be8 {[%emt 0:01:11]} 22. Qe5 {[%emt 0:00:46]} Bg6 {[%emt 0:00:55]} 23. Rxd5 {[%emt 0:00:46]} Qe8 {[%emt 0:01:35]} 24. Rc5 {[%emt 0:01:11]} Bxc5 {[%emt 0:00:58]} 25. Qxc7# {[%emt 0:56:19]} 1-0

[Event "Bruges Masters 2019"]
[Site "Bruges"]
[Date "2019.08.12"]
[Round "3.7"]
[White "Wilschut, Peter"]
[Black "Butzen, Robin"]
[Result "0-1"]
[WhiteElo "2279"]
[BlackElo "1967"]
[Annotator "NA"]
[PlyCount "94"]
[EventDate "2019.08.11"]
[EventType "swiss"]
[EventCountry "BEL"]
[SourceTitle "playchess.com"]
[Source "ChessBase"]
[SourceQuality "1"]
[TimeControl "5400+30"]

1. c4 {[%emt 0:00:00]} c5 {[%emt 0:00:00]} 2. Nc3 {[%emt 0:00:21]} Nc6 {[%emt 0:00:00]} 3. g3 {[%emt 0:00:06]} g6 {[%emt 0:00:00]} 4. Bg2 {[%emt 0:00:05]} Bg7 {[%emt 0:00:00]} 5. d3 {[%emt 0:01:06]} d6 {[%emt 0:00:23]} 6. Nf3 {[%emt 0:00:57]} e5 {[%emt 0:00:05]} 7. Nd2 {[%emt 0:00:50]} Nge7 {[%emt 0:01:18]} 8. Nf1 {[%emt 0:00:14]} O-O {[%emt 0:00:45]} 9. Ne3 {[%emt 0:03:26]} Rb8 {[%emt 0:04:20]} 10. h4 {[%emt 0:03:39]} h6 {[%emt 0:03:12]} 11. Ned5 {[%emt 0:02:48]} a6 {[%emt 0:06:45]} 12. a4 {[%emt 0:09:47]} Nb4 {[%emt 0:01:59]} 13. Nxb4 {[%emt 0:09:16]} cxb4 {[%emt 0:00:05]} 14. Nd5 {[%emt 0:00:15]} a5 {[%emt 0:03:41]} 15. h5 {[%emt 0:20:52]} g5 {[%emt 0:02:36]} 16. Nxe7+ {[%emt 0:03:06]} Qxe7 {[%emt 0:00:05]} 17. e4 {[%emt 0:04:24]} f5 {[%emt 0:14:27]} 18. exf5 {[%emt 0:01:33]} Bxf5 {[%emt 0:00:47]} 19. Be3 {[%emt 0:00:33]} e4 {[%emt 0:07:40]} 20. d4 {[%emt 0:05:39]} d5 {[%emt 0:04:13]} 21. c5 {[%emt 0:02:56]} b6 {[%emt 0:07:34]} 22. Rc1 {[%emt 0:02:20]} Rfc8 {[%emt 0:04:30]} 23. cxb6 {[%emt 0:12:10]} Rxc1 {[%emt 0:06:35]} 24. Qxc1 {[%emt 0:00:11]} Rxb6 {[%emt 0:00:05]} 25. Bf1 {[%emt 0:01:14]} Bd7 {[%emt 0:05:16]} 26. Qc7 {[%emt 0:02:52]} Qd6 {[%emt 0:04:00]} 27. Qxd6 {[%emt 0:00:24]} Rxd6 {[%emt 0:00:18]} 28. b3 {[%emt 0:00:31]} Bg4 {[%emt 0:06:44]} 29. Bb5 {[%emt 0:00:50]} Rd8 {[%emt 0:00:13]} 30. Ba6 {[%emt 0:02:03]} Kf7 {[%emt 0:05:45]} 31. O-O {[%emt 0:03:46]} Bxh5 {[%emt 0:03:16]} 32. Rc1 {[%emt 0:00:05]} Bf8 {[%emt 0:00:18]} 33. Bc8 {[%emt 0:01:19]} Bd1 {[%emt 0:02:41]} 34. Rxd1 {[%emt 0:05:12]} Rxc8 {[%emt 0:00:04]} 35. Rc1 {[%emt 0:00:04]} Rc3 {[%emt 0:00:12]} 36. Kf1 {[%emt 0:00:44]} Rxb3 {[%emt 0:04:53]} 37. Rc7+ {[%emt 0:00:16]} Ke6 {[%emt 0:00:05]} 38. Ra7 {[%emt 0:01:46]} Ra3 {[%emt 0:00:36]} 39. Ra6+ {[%emt 0:00:54]} Kd7 {[%emt 0:00:10]} 40. Rxa5 {[%emt 0:00:13]} Kc6 {[%emt 0:00:59]} 41. Ra6+ {[%emt 0:00:14]} Kc7 {[%emt 0:01:46]} 42. Ra5 {[%emt 0:01:20]} Ra2 {[%emt 0:00:25]} 43. Rxd5 {[%emt 0:00:31]} b3 {[%emt 0:00:04]} 44. Rb5 {[%emt 0:00:21]} b2 {[%emt 0:00:04]} 45. Kg2 {[%emt 0:00:30]} Ba3 {[%emt 0:00:11]} 46. d5 {[%emt 0:00:31]} Ra1 {[%emt 0:00:48]} 47. d6+ {[%emt 0:00:41]} Kxd6 {[%emt 0:02:24]} 0-1

[Event "Bruges Masters 2019"]
[Site "Bruges"]
[Date "2019.08.12"]
[Round "3.8"]
[White "Citak, Selim"]
[Black "Olander, Aleksi"]
[Result "0-1"]
[WhiteElo "2253"]
[BlackElo "2066"]
[Annotator "ChessBase"]
[PlyCount "72"]
[EventDate "2019.08.11"]
[EventType "swiss"]
[EventCountry "BEL"]
[SourceTitle "playchess.com"]
[Source "ChessBase"]
[SourceQuality "1"]
[TimeControl "5400+30"]

1. d4 {[%emt 0:00:00]} Nf6 {[%emt 0:00:00]} 2. c4 {[%emt 0:00:00]} c5 {[%emt 0:00:00]} 3. d5 {[%emt 0:00:11]} e6 {[%emt 0:00:00]} 4. Nc3 {[%emt 0:00:12]} exd5 {[%emt 0:00:00]} 5. cxd5 {[%emt 0:00:04]} Bd6 {[%emt 0:00:01]} 6. g3 {[%emt 0:01:34]} O-O {[%emt 0:00:13]} 7. Bg2 {[%emt 0:00:04]} Re8 {[%emt 0:00:23]} 8. Nh3 {[%emt 0:01:14]} Bf8 {[%emt 0:00:13]} 9. O-O {[%emt 0:01:19]} d6 {[%emt 0:00:04]} 10. b3 {[%emt 0:01:42]} a6 {[%emt 0:04:10]} 11. a4 {[%emt 0:01:41]} Nbd7 {[%emt 0:00:31]} 12. e4 {[%emt 0:02:36]} Rb8 {[%emt 0:02:28]} 13. Bb2 {[%emt 0:03:15]} b5 {[%emt 0:02:15]} 14. axb5 {[%emt 0:01:16]} axb5 {[%emt 0:00:04]} 15. Qc2 {[%emt 0:00:58]} Ne5 {[%emt 0:08:59]} 16. Nf4 {[%emt 0:08:23]} Bg4 {[%emt 0:06:06]} 17. f3 {[%emt 0:04:03]} Bd7 {[%emt 0:00:12]} 18. Nce2 {[%emt 0:06:56]} b4 {[%emt 0:03:24]} 19. Bxe5 {[%emt 0:08:59]} Rxe5 {[%emt 0:00:47]} 20. Nd3 {[%emt 0:00:11]} Re8 {[%emt 0:00:58]} 21. Nb2 {[%emt 0:00:23]} Bb5 {[%emt 0:05:59]} 22. Rfe1 {[%emt 0:01:28]} Qb6 {[%emt 0:05:54]} 23. Nc4 {[%emt 0:05:44]} Bxc4 {[%emt 0:00:08]} 24. Qxc4 {[%emt 0:00:15]} Ra8 {[%emt 0:00:10]} 25. Nf4 {[%emt 0:03:12]} Ra5 {[%emt 0:07:35]} 26. Rxa5 {[%emt 0:01:59]} Qxa5 {[%emt 0:01:23]} 27. Nd3 {[%emt 0:00:04]} Nd7 {[%emt 0:01:01]} 28. f4 {[%emt 0:00:38]} Nb6 {[%emt 0:04:41]} 29. Qc2 {[%emt 0:02:41]} Rc8 {[%emt 0:08:51]} 30. Nb2 {[%emt 0:08:17]} c4 {[%emt 0:05:34]} 31. bxc4 {[%emt 0:00:18]} b3 {[%emt 0:00:19]} 32. Qf2 {[%emt 0:01:09]} Nxc4 {[%emt 0:02:34]} 33. Rc1 {[%emt 0:01:10]} Nxb2 {[%emt 0:03:34]} 34. Rxc8 {[%emt 0:00:22]} Nd3 {[%emt 0:00:21]} 35. Qd4 {[%emt 0:01:47]} b2 {[%emt 0:01:32]} 36. Rb8 {[%emt 0:03:17]} Qa1+ {[%emt 0:00:28]} 0-1

[Event "Bruges Masters 2019"]
[Site "Bruges"]
[Date "2019.08.12"]
[Round "3.9"]
[White "Todts, Benny"]
[Black "Tirelli, Mauro"]
[Result "0-1"]
[WhiteElo "1932"]
[BlackElo "2247"]
[Annotator "NA"]
[PlyCount "68"]
[EventDate "2019.08.11"]
[EventType "swiss"]
[EventCountry "BEL"]
[SourceTitle "playchess.com"]
[Source "ChessBase"]
[SourceQuality "1"]
[TimeControl "5400+30"]

1. e4 {[%emt 0:00:50]} c5 {[%emt 0:00:00]} 2. d4 {[%emt 0:00:05]} cxd4 {[%emt 0:00:00]} 3. Nf3 {[%emt 0:00:05]} Nc6 {[%emt 0:00:00]} 4. Nxd4 {[%emt 0:00:08]} e5 {[%emt 0:00:22]} 5. Nb5 {[%emt 0:00:58]} d6 {[%emt 0:00:06]} 6. N1c3 {[%emt 0:00:21]} a6 {[%emt 0:00:07]} 7. Na3 {[%emt 0:00:05]} b5 {[%emt 0:00:04]} 8. Nd5 {[%emt 0:00:05]} Nge7 {[%emt 0:00:39]} 9. Bg5 {[%emt 0:02:27]} h6 {[%emt 0:00:53]} 10. Bh4 {[%emt 0:06:42]} Be6 {[%emt 0:04:43]} 11. c4 {[%emt 0:02:53]} Nd4 {[%emt 0:07:52]} 12. Bxe7 {[%emt 0:06:15]} Bxe7 {[%emt 0:00:18]} 13. Nxe7 {[%emt 0:00:34]} Qxe7 {[%emt 0:08:30]} 14. cxb5 {[%emt 0:02:01]} Qb7 {[%emt 0:00:18]} 15. Bd3 {[%emt 0:05:53]} O-O {[%emt 0:04:56]} 16. O-O {[%emt 0:02:58]} axb5 {[%emt 0:00:09]} 17. Nc2 {[%emt 0:07:40]} Nc6 {[%emt 0:16:49]} 18. b3 {[%emt 0:07:04]} Qb6 {[%emt 0:02:29]} 19. Qe2 {[%emt 0:02:07]} b4 {[%emt 0:01:32]} 20. Bc4 {[%emt 0:01:00]} Kh7 {[%emt 0:02:11]} 21. Rfd1 {[%emt 0:06:10]} Qc5 {[%emt 0:02:41]} 22. Bd5 {[%emt 0:05:07]} Bxd5 {[%emt 0:05:31]} 23. Rxd5 {[%emt 0:02:09]} Qc3 {[%emt 0:00:08]} 24. Qd3 {[%emt 0:05:44]} Qb2 {[%emt 0:03:05]} 25. Qd1 {[%emt 0:03:36]} Rfd8 {[%emt 0:02:33]} 26. Rd2 {[%emt 0:02:05]} Qc3 {[%emt 0:05:26]} 27. Ne3 {[%emt 0:03:01]} Qc5 {[%emt 0:05:50]} 28. Rc1 {[%emt 0:00:21]} Qb5 {[%emt 0:26:48]} 29. Rd5 {[%emt 0:02:47]} Qb7 {[%emt 0:00:00]} 30. Rxd6 {[%emt 0:00:27]} Rxd6 {[%emt 0:00:00]} 31. Qxd6 {[%emt 0:00:08]} Nd4 {[%emt 0:00:00]} 32. Rd1 {[%emt 0:05:40]} Qxe4 {[%emt 0:00:00]} 33. Nc4 {[%emt 0:01:51]} Rxa2 {[%emt 0:00:00]} 34. Nxe5 {[%emt 0:01:48]} Rd2 {[%emt 0:00:00]} 0-1

[Event "Bruges Masters 2019"]
[Site "Bruges"]
[Date "2019.08.12"]
[Round "3.10"]
[White "Dauw, Sterre"]
[Black "Quesada Vera, Liordis"]
[Result "0-1"]
[WhiteElo "2148"]
[BlackElo "2386"]
[Annotator "TA"]
[PlyCount "132"]
[EventDate "2019.08.11"]
[EventType "swiss"]
[EventCountry "BEL"]
[SourceTitle "playchess.com"]
[Source "ChessBase"]
[SourceQuality "1"]

{[%evp 14,132,37,39,51,48,40,54,41,37,33,32,57,49,61,50,81,45,50,54,42,29,81,81,81,86,81,81,162,52,169,150,150,139,124,6,28,0,0,0,54,33,29,30,27,38,81,7,113,109,93,68,64,71,110,110,102,87,163,23,22,19,19,8,8,11,10,0,0,-58,-41,-58,0,0,0,0,0,0,0,-8,-8,-8,-8,-8,-8,-8,-8,-8,-8,-8,-8,-8,-8,-8,-8,-8,-10,-97,-8,-8,-8,-132,-132,-132,-132,-132,-132,-132,-132,-132,-132,-1270,-1633,-4832,-4770,-4770,-4081,-4758,-4718,-4718,-804]} 1. d4 d6 2. e4 Nf6 3. Nc3 Nbd7 4. Nf3 e5 5. Bc4 Be7 6. O-O O-O 7. a4 c6 8. a5 Nxe4 {[%mdl 64] Remove Defender, Decoy. C41: Philidor Defence} (8... Qc7 9. Re1 h6 10. h3 Re8 11. Be3 Nf8 12. Bb3 Be6 13. Ba4 Red8 14. Qd3 Ng6 15. b4 d5 16. exd5 Nxd5 17. Nxd5 Bxd5 {1-0 (30) Guseinov,G (2664)-Maslak,K (2555) St Petersburg 2018}) 9. Nxe4 d5 10. Bb3 {aiming for Ng3.} dxe4 {White is slightly better.} 11. Nxe5 Nxe5 12. dxe5 Qc7 13. Bf4 Bf5 14. Qe2 $146 ({Predecessor:} 14. Bg3 Rad8 15. e6 Qc8 16. exf7+ {1-0 (45) Korning,P (2068)-Cederberg,K (2204) Sweden 2017}) 14... Bd8 15. Qe3 {Threatens to win with e6.} Qe7 16. Qg3 Re8 17. Rfd1 Kh8 (17... Rc8 $11) 18. a6 $16 b5 19. Rd6 Rc8 20. c4 Qf8 (20... bxc4 $16 {might work better.} 21. Bxc4 Bb6) 21. Qe3 (21. cxb5 $18 cxb5 22. Be3) 21... Bb6 (21... f6 $14 22. exf6 (22. Qxa7 $2 fxe5 23. Be3 Qxd6 $19) 22... Bxf6) 22. c5 $18 Bd8 23. Rc1 Be7 24. Rdd1 (24. h3 $16) 24... Rcd8 25. Qc3 Rxd1+ 26. Rxd1 Rd8 (26... Bxc5 $11 27. h3 b4) 27. Rxd8 Qxd8 28. h3 Be6 29. Bc2 Qd5 30. Be3 (30. b4 $16) 30... Bd8 (30... f6 $11) 31. Qb4 $1 $16 Bf5 32. Qd4 (32. g4 {is more complex.} Bg6 33. Qd4 Qxd4 34. Bxd4 Kg8 35. Bd1) 32... Qxd4 33. Bxd4 $14 {[%mdl 4096] Endgame KBB-KBB} Kg8 34. g4 Bg6 35. Kg2 Ba5 (35... Kf8 $16 {was worth a try.}) 36. Kg3 (36. Bd1 $1 $18) 36... e3 $1 $11 {[%cal Re3e2]} 37. Bd1 $1 ({Don't blunder} 37. Bxg6 $2 e2 $19) 37... exf2 38. Kxf2 Be4 39. Bb3 Kf8 40. e6 {Hoping for Bxg7+!} f6 41. h4 ({White should play} 41. Ke3 $11 Bg2 42. Bc2) 41... Ke7 42. g5 Bd2 ({Better is} 42... Bc7 $15) 43. gxf6+ $1 gxf6 44. Be3 Bb4 45. h5 Bf5 46. h6 Bxe6 47. Bc2 f5 48. Kg3 Kf6 49. Kf4 Bc8 50. Bd4+ Kg6 51. Ke5 $1 Bd2 ({Wrong is} 51... Bxa6 $2 52. Bxf5+ Kxh6 53. Kd6 $18) 52. Kd6 Bxh6 53. Kxc6 Bxa6 54. Bd3 Bf4 55. Bxb5 (55. Kd7 $1 $11) 55... Bc8 (55... Bxb5+ $17 56. Kxb5 h5) 56. Kd5 h5 57. Be8+ (57. Bf1 $1 $11 {remains equal.}) 57... Kg5 $17 {...h4 is the strong threat.} 58. c6 h4 {White must now prevent ...h3.} 59. Bxa7 h3 {Strongly threatening ...h2.} 60. Bg1 {[#]} h2 $1 {[%cal Rh2g1]} 61. Bxh2 Bxh2 62. b4 $2 {[%mdl 8192] [#]} (62. Bd7 $17 Bxd7 63. cxd7) 62... Kf6 $1 $19 {[%cal Rf6e7] Black is clearly winning.} 63. b5 Ke7 64. Bh5 Be6+ 65. Kc5 Bg1+ 66. Kb4 Bb6 {Accuracy: White = 43%, Black = 53%.} (66... Kd6 $142 67. Be2 Bb6) 0-1